Statistiken für Die erfolgreichsten Klubs Deutschlands

Klicken Sie hier um das Quiz zu spielen!

Allgemein

  • Dieses Quiz wurde 254 mal gespielt
  • Das Durchschnittsergebnis liegt bei 17 aus 40

Antwortstatistiken

PunktCLELMeisterPokal2.Liga MeisterAntwort% Korrekt
2605228180FC Bayern München
100%
7011840Borussia Dortmund
94%
6711830Hamburger SV
93%
4701461SV Werder Bremen
84%
6001752FC Schalke 04
83%
4100632VfB Stuttgart
83%
5102531Borussia Mönchengladbach
82%
33003531.FC Köln
81%
660010441.FC Nürnberg
80%
2900151Eintracht Frankfurt
77%
38006221.FC Kaiserslautern
67%
1201011Bayer 04 Leverkusen
60%
1200121TSV 1860 München
58%
800110VfL Wolfsburg
56%
6400873SG Dynamo Dresden
55%
1300203Hertha BSC Berlin
51%
1600213Hannover 96
49%
45013711.FC Magdeburg
47%
1300115FC Hansa Rostock
42%
1300122Fortuna Düsseldorf
41%
900023Karlsruher SC
37%
11001131. FC Union Berlin
34%
61001032BFC Dynamo Berlin
25%
1800310VfB Leipzig
25%
800110Rot Weiß Essen
22%
700102Chemnitzer FC (FC Karl-Marx Stadt)
20%
2700340Carl Zeiss Jena
18%
13000411.FC Lokomotive Leipzig
16%
12002021.FC Saarbrücken
15%
1600301SpVgg Greuther Fürth
15%
2400411FC Erzgebirge Aue (BSG Wismut Aue)
11%
900023Hallescher FC (BSG Chemie Halle-Leuna)
11%
600101Rot Weiß Erfurt
11%
1700221Chemie Leipzig
7%
1400130FSV Zwickau (BSG Sachsenring Zwickau)
5%
1900230Dresdner SC
4%
1000200Viktoria Berlin 1889
4%
39006231.FFC Frankfurt
2%
600101SC Turbine Erfurt
0%
1000200Turbine Halle
0%

Verteilung der Resultate

Perzentil nach korrekt beantworteten Fragen

Anzahl Personen mit jedem Resultat

Ihre Resultats-Entwicklung

Sie haben dieses Quiz noch nicht gespielt